00510 2200193 4500001002100000005001500021008004100036020001800077035001900095041000700114082001000121090001600131100001500147700001800162245004100180260003700221300003100258650002700289INLIS00000000001619420241224115058241224||||||||| | ||| |||| || |  a979-006-288-5 0010-1224016194 aid0 a613.7 a613.7 OVA t0 aOva Emilia0 aHarry Freitag00aTetap Bugar dan Energik Selama HAMIL aJakartabAgroMedia Pustakac2010 avi + 180 hlm; 17,5 x 24 cm 0aBuku Panduan Kehamilan